000 01016cam a2200337 4500500
005 20260405002348.0
041 _afre
042 _adc
100 1 0 _aLegros, Martin
_eauthor
245 0 0 _aThierry Ménissier : “Le piège dans lequel François Fillon a voulu enserrer les autres s’est refermé sur lui”
260 _c2017.
500 _a75
690 _aBien
690 _aÉlection présidentielle 2017
690 _aFrançois Fillon
690 _aHonnêteté
690 _aLe Prince
690 _aLes Républicains
690 _aMachiavel
690 _aMal
690 _aMarine Le Pen
690 _aMartin Legros
690 _aMorale
690 _aPénélope Fillon
690 _aPénélopegate
690 _aPolitique
690 _aProbité
690 _aThierry Ménissier
786 0 _nPhilosophie magazine | 107 | 3 | 2017-03-01 | p. 14-14 | 1951-1787
856 4 1 _uhttps://shs.cairn.info/magazine-philosophie-magazine-2017-3-page-14?lang=fr&redirect-ssocas=7080
999 _c2057012
_d2057012